Statistics for Italian Footballer of the Year

Click here to take the quiz!

General Stats

  • This quiz has been taken 216 times
  • The average score is 12 of 20

Answer Stats

SeasonClubAnswer% Correct
2000RomaFrancesco Totti
87%
2003Roma (joint)Francesco Totti
87%
2013JuventusAndrea Pirlo
82%
2012JuventusAndrea Pirlo
82%
2014JuventusAndrea Pirlo
82%
2006JuventusFabio Cannavaro
74%
2007AC MilanKaka
59%
2004AC MilanKaka
59%
2011AC MilanZlatan Ibrahimovic
59%
2009Inter MilanZlatan Ibrahimovic
59%
2008Inter MilanZlatan Ibrahimovic
59%
2010Inter MilanDiego Milito
55%
1998Inter MilanRonaldo
55%
2003Juventus (joint)Pavel Nedved
49%
1997SampdoriaRoberto Mancini
49%
2015JuventusCarlos Tevez
46%
1999LazioChristian Vieri
42%
2001JuventusZinedine Zidane
42%
2002JuventusDavid Trezeguet
41%
2005ParmaAlberto Gilardino
25%

Score Distribution

Percentile by Number Answered

Percent of People with Each Score

Your Score History

You have not taken this quiz